[Event "AUTO-OPEN-4640"]
[Site "http://www.queenalice.com/game.php?id=1869623"]
[Date "2026.2.22"]
[Round "1"]
[White "josebaron"]
[Black "BeatifulDevil56"]
[Result "1/2-1/2"]
[WhiteElo "2180"]
[BlackElo "2235"]

1. e4 e6 2. Nf3 c5 3. d4 b6 4. dxc5 Bxc5 5. Bd3 Bb7 6. O-O Nc6 7. Nc3 Nge7 8.
Be3 Bxe3 9. fxe3 a6 10. a4 Ng6 11. Ne2 Qc7 12. Nfd4 O-O 13. Nxc6 Bxc6 14. Nd4
Qe5 15. Nxc6 dxc6 16. c3 Rfd8 17. Qc2 b5 18. axb5 cxb5 19. Rfd1 Qc5 20. Qf2
1/2-1/2

[Event "AUTO-OPEN-4640"]
[Site "http://www.queenalice.com/game.php?id=1869624"]
[Date "2026.2.22"]
[Round "1"]
[White "BeatifulDevil56"]
[Black "josebaron"]
[Result "1-0"]
[WhiteElo "2223"]
[BlackElo "2193"]

1. c4 e5 2. d3 Nf6 3. h3 Bb4+ 4. Bd2 Bxd2+ 5. Nxd2 O-O 6. Ngf3 Nc6 7. g3 Re8 8.
Bg2 d5 9. cxd5 Qxd5 10. O-O Qd8 11. Rc1 Nd4 12. Nb3 Nxf3+ 13. Bxf3 Bxh3 14. Bxb7
Bxf1 15. Bxa8 Bxe2 16. Qxe2 Qxa8 17. Rxc7 a5 18. Qc2 a4 19. Nc5 Rc8 20. Rxc8+
Qxc8 21. Qc4 a3 22. bxa3 h5 23. a4 1-0

[Event "AUTO-OPEN-4640"]
[Site "http://www.queenalice.com/game.php?id=1869647"]
[Date "2026.2.22"]
[Round "1"]
[White "ALDROB"]
[Black "BeatifulDevil56"]
[Result "0-1"]
[WhiteElo "1753"]
[BlackElo "2211"]

1. d4 d5 2. c4 e6 3. Nc3 Bb4 4. Qb3 Na6 5. f3 Qh4+ 6. g3 Qxd4 7. e3 Qb6 8. Bd3
Nc5 9. Qc2 Bd7 10. Ne2 Ne7 11. Bd2 Nc6 12. a3 Ne5 13. Nc1 Bxc3 14. Bxc3 Ncxd3+
15. Nxd3 Qxe3+ 0-1

[Event "AUTO-OPEN-4640"]
[Site "http://www.queenalice.com/game.php?id=1869648"]
[Date "2026.2.22"]
[Round "1"]
[White "BeatifulDevil56"]
[Black "ALDROB"]
[Result "1-0"]
[WhiteElo "2210"]
[BlackElo "1755"]

1. c4 Nf6 2. Nc3 g6 3. Nf3 Bg7 4. Qb3 O-O 5. d4 c6 6. e4 d6 7. h3 Nbd7 8. Be3
Nb6 9. Rd1 a5 10. d5 cxd5 11. Bxb6 Qd7 12. cxd5 a4 13. Qb4 Nh5 14. Bb5 Bxc3+ 15.
bxc3 1-0

[Event "AUTO-OPEN-4640"]
[Site "http://www.queenalice.com/game.php?id=1869663"]
[Date "2026.2.22"]
[Round "1"]
[White "BeatifulDevil56"]
[Black "cerenzo72"]
[Result "0-1"]
[WhiteElo "2256"]
[BlackElo "2158"]

1. e4 e5 2. Nc3 Nf6 3. Bc4 Bb4 4. Nge2 b6 5. a3 Be7 6. d3 Bb7 7. O-O O-O 8. f3
c6 9. f4 Bc5+ 10. Kh1 Ng4 11. Qe1 b5 12. Ba2 Qb6 13. Nd1 d5 14. Qh4 Ne3 15. Nxe3
Bxe3 16. Bxe3 Qxe3 17. Qf2 Qxf2 18. Rxf2 dxe4 19. dxe4 exf4 20. Rxf4 Nd7 21.
Raf1 Nf6 22. e5 Nd5 23. Bxd5 cxd5 24. Re1 Rfe8 25. Nd4 a6 26. Ref1 Re7 27. h3
Rf8 28. Nf3 h6 29. c3 g5 30. Rf5 Kg7 31. Nd4 Rfe8 32. Rf6 Bc8 33. Kh2 Rf8 34.
Rxa6 Bxa6 35. Nf5+ Kh7 36. Nxe7 Bb7 37. Rf6 Kg7 38. Nf5+ Kg8 39. Rxh6 Bc8 40.
Ne7+ Kg7 41. Rb6 Re8 42. Nf5+ Bxf5 43. Rxb5 Rxe5 44. a4 Bd7 45. Ra5 f6 46. Ra7
Re7 47. a5 Kf7 48. b4 Bb5 49. Rxe7+ Kxe7 50. Kg1 Ke6 51. Kf2 Ke5 52. Ke3 f5 53.
g3 Kf6 0-1

[Event "AUTO-MASTER-3297"]
[Site "http://www.queenalice.com/game.php?id=1869758"]
[Date "2026.2.25"]
[Round "1"]
[White "chessman"]
[Black "BeatifulDevil56"]
[Result "1-0"]
[WhiteElo "2008"]
[BlackElo "2240"]

1. e4 e6 2. d4 d5 3. e5 c5 4. c3 cxd4 5. cxd4 Ne7 6. f4 Nf5 7. Nf3 Nc6 8. Nc3
Bd7 9. Bb5 Bb4 10. a3 Bxc3+ 11. bxc3 a6 12. Bd3 Rc8 13. Bxf5 exf5 14. O-O O-O
15. Re1 Be6 16. Bb2 Re8 17. Qe2 Bd7 18. Rac1 f6 19. c4 fxe5 20. Nxe5 Nxe5 21.
fxe5 Be6 22. c5 f4 23. Qf3 Qg5 24. Bc3 Qg4 25. Qxg4 Bxg4 26. Kf2 b5 27. h3 Be6
28. Kf3 Rf8 29. Ba5 Rc6 30. h4 h5 31. Bd2 Bf5 32. Bxf4 Be4+ 33. Kg3 Rg6+ 34. Bg5
Re6 35. Rf1 Rxf1 36. Rxf1 a5 37. Rc1 Rc6 38. Rf1 Rc7 39. Rf2 Rc6 40. Rb2 Bd3 41.
Kf4 g6 42. g4 Kf7 43. gxh5 gxh5 44. Rd2 Be4 45. Ke3 Ra6 46. Rb2 1-0

[Event "AUTO-MASTER-3297"]
[Site "http://www.queenalice.com/game.php?id=1869759"]
[Date "2026.2.25"]
[Round "1"]
[White "BeatifulDevil56"]
[Black "chessman"]
[Result "1-0"]
[WhiteElo "2233"]
[BlackElo "2001"]

1. Nf3 d5 2. d4 Nf6 3. Bf4 e6 4. e3 Be7 5. c4 O-O 6. Nc3 a6 7. c5 c6 8. h3 Re8
9. Bd3 Nbd7 10. Ne5 h6 11. h4 Nxe5 12. Bxe5 b6 13. g4 Ne4 14. Bxe4 dxe4 15. g5
bxc5 16. Qh5 1-0

[Event "AUTO-MASTER-3297"]
[Site "http://www.queenalice.com/game.php?id=1869770"]
[Date "2026.2.25"]
[Round "1"]
[White "Fredo"]
[Black "BeatifulDevil56"]
[Result "0-1"]
[WhiteElo "2085"]
[BlackElo "2225"]

1. e4 e6 2. d4 d5 3. e5 c5 4. c3 Nc6 5. Nf3 Bd7 6. Be2 cxd4 7. cxd4 Qa5+ 8. Kf1
Nge7 9. g4 f6 10. Nc3 O-O-O 11. Nb5 Ng6 12. Bd2 Bb4 13. Bxb4 Qxb4 14. Rc1 Kb8
15. a3 Qa5 16. b4 Qb6 17. Nd6 fxe5 18. Nf7 e4 19. Nxd8 Rxd8 20. Ne5 Ncxe5 21.
dxe5 Nxe5 22. Kg2 d4 23. h3 d3 24. Bf1 Bc6 25. Kg3 Rf8 26. Bg2 Qxf2+ 0-1

[Event "AUTO-MASTER-3297"]
[Site "http://www.queenalice.com/game.php?id=1869771"]
[Date "2026.2.25"]
[Round "1"]
[White "BeatifulDevil56"]
[Black "Fredo"]
[Result "0-1"]
[WhiteElo "2226"]
[BlackElo "2056"]

1. e4 c5 2. d4 cxd4 3. Qxd4 Nc6 4. Qd1 e5 5. a3 Nf6 6. Bd3 Bc5 7. b4 Bb6 8. c4
Bd4 9. Ne2 Bxa1 10. Nbc3 Bxc3+ 11. Bd2 Bxd2+ 12. Qxd2 O-O 13. O-O Ne7 14. Ra1
Ng6 0-1

[Event "AUTO-OPEN-4641"]
[Site "http://www.queenalice.com/game.php?id=1869920"]
[Date "2026.2.27"]
[Round "1"]
[White "Rafale2000"]
[Black "BeatifulDevil56"]
[Result "0-1"]
[WhiteElo "2021"]
[BlackElo "2241"]

1. e4 e6 2. d4 d5 3. Nd2 c5 4. exd5 exd5 5. Ngf3 Nf6 6. Bb5+ Bd7 7. Bxd7+ Nbxd7
8. O-O Be7 9. c3 O-O 10. Re1 Re8 11. dxc5 Nxc5 12. Nb3 b6 13. Nxc5 bxc5 14. Bg5
Rb8 15. b3 Ne4 16. Bxe7 Rxe7 17. Qd3 h6 18. Rad1 Nf6 19. Re3 Rbb7 20. Rxe7 Rxe7
21. Qf5 Qd7 22. Qf4 Re2 23. h3 Ne4 24. Ne5 Qe6 25. c4 Nc3 26. Rd2 Rxd2 27. Qxd2
Qxe5 28. a4 dxc4 29. bxc4 Qd4 30. Qb2 Qd1+ 31. Kh2 Ne2 0-1

[Event "AUTO-OPEN-4641"]
[Site "http://www.queenalice.com/game.php?id=1869921"]
[Date "2026.2.27"]
[Round "1"]
[White "BeatifulDevil56"]
[Black "Rafale2000"]
[Result "1-0"]
[WhiteElo "2247"]
[BlackElo "1972"]

1. c4 e5 2. g3 Nf6 3. Bg2 d5 4. cxd5 Nxd5 5. Nf3 Nc6 6. O-O Bf5 7. d4 Ndb4 8.
Nc3 exd4 9. Nb5 Nc2 10. Nh4 Qf6 11. Nxc7+ Kd8 12. Nd5 Qe6 13. Nxf5 Nxa1 14. Qd3
Nb4 15. Nxb4 g6 16. Qxd4+ Ke8 17. Ng7+ Bxg7 18. Qxg7 Ke7 19. Bg5+ Kd6 20. Qd4+
1-0

[Event "AUTO-OPEN-4641"]
[Site "http://www.queenalice.com/game.php?id=1869952"]
[Date "2026.2.27"]
[Round "1"]
[White "BeatifulDevil56"]
[Black "Caronte"]
[Result "0-1"]
[WhiteElo "2218"]
[BlackElo "2704"]

1. e4 c5 2. Bc4 e6 3. Nf3 Nf6 4. e5 d5 5. Be2 Nfd7 6. c3 d4 7. cxd4 cxd4 8. Qa4
Nc6 9. Bb5 Bc5 10. Bxc6 bxc6 11. Qxc6 Rb8 12. Qe4 Bb7 13. Qe2 Bxf3 14. gxf3 Qg5
0-1

[Event "AUTO-OPEN-4641"]
[Site "http://www.queenalice.com/game.php?id=1869953"]
[Date "2026.2.27"]
[Round "1"]
[White "Caronte"]
[Black "BeatifulDevil56"]
[Result "1-0"]
[WhiteElo "2705"]
[BlackElo "2217"]

1. d4 d5 2. c4 c6 3. cxd5 cxd5 4. Bf4 Qb6 5. Nc3 Nf6 6. e3 e6 7. Bd3 Bd7 8. a3
Bd6 9. Bxd6 Qxd6 10. f4 O-O 11. Nf3 Qb6 12. Qe2 Bc6 13. O-O 1-0

[Event "AUTO-OPEN-4601"]
[Site "http://www.queenalice.com/game.php?id=1871322"]
[Date "2026.4.2"]
[Round "2"]
[White "BeatifulDevil56"]
[Black "chessman"]
[Result "1-0"]
[WhiteElo "2221"]
[BlackElo "2033"]

1. c4 c6 2. Nf3 d5 3. cxd5 cxd5 4. e3 e6 5. d4 Nc6 6. Nc3 Nf6 7. Bb5 Bd7 8. Qa4
Be7 9. Qc2 O-O 10. O-O Rc8 11. Qb1 a6 12. Bxc6 Bxc6 13. Ne5 Bd6 14. f4 Ne4 15.
Nxc6 Nxc3 16. Nxd8 Nxb1 17. Nxb7 Bb4 18. Rxb1 Rc7 19. Nc5 Bxc5 20. dxc5 Rxc5 21.
b3 1-0

[Event "AUTO-MASTER-3291"]
[Site "http://www.queenalice.com/game.php?id=1871876"]
[Date "2026.4.13"]
[Round "2"]
[White "pizzaiolo72"]
[Black "BeatifulDevil56"]
[Result "0-1"]
[WhiteElo "2127"]
[BlackElo "2246"]

1. e4 e6 2. d4 d5 3. Nd2 c5 4. c3 cxd4 5. cxd4 dxe4 6. Nxe4 Nf6 7. Bb5+ Bd7 8.
Bxd7+ Nbxd7 9. Nxf6+ Nxf6 10. Nf3 Qa5+ 11. Qd2 Bb4 0-1

[Event "AUTO-MASTER-3291"]
[Site "http://www.queenalice.com/game.php?id=1871878"]
[Date "2026.4.13"]
[Round "2"]
[White "cerenzo72"]
[Black "BeatifulDevil56"]
[Result "1-0"]
[WhiteElo "2169"]
[BlackElo "2254"]

1. c4 Nf6 2. Nf3 d5 3. cxd5 Qxd5 4. Nc3 Qa5 5. e3 c5 6. Bc4 a6 7. h3 e6 8. O-O
b5 9. Be2 b4 10. Na4 Be7 11. d4 cxd4 12. Nxd4 Bd7 13. b3 Qe5 14. Bb2 O-O 15. Bf3
Ra7 16. Nc6 1-0